Entre ciencia y filosofía: una introducción a la filosofía de la ciencia
Uloženo v:
| Hlavní autor: | |
|---|---|
| Médium: | Kniha |
| Jazyk: | španělština |
| Vydáno: |
Madrid
Tecnos
1975
|
| Edice: | Estructura y función, 44
|
| Témata: | |
| Tagy: |
Přidat tag
Žádné tagy, Buďte první, kdo vytvoří štítek k tomuto záznamu!
|
MARC
| LEADER | 00000nam a2200000 a 4500 | ||
|---|---|---|---|
| 001 | UCW6752 | ||
| 003 | CL-VaPUC | ||
| 008 | 920507e19750000SP |||||||||||||||||spa|d | ||
| 082 | 0 | 4 | |a 501 |b SMA |2 21 |
| 100 | 0 | |a Smart, John Jamieson Carswell |e author |9 311822 | |
| 245 | 1 | 0 | |a Entre ciencia y filosofía: una introducción a la filosofía de la ciencia |
| 300 | |a 266 p | ||
| 942 | |c BK | ||
| 945 | |d 19920507 00:00:00 | ||
| 260 | |a Madrid |b Tecnos |c 1975 | ||
| 650 | 0 | |a Filosofía de las ciencias |9 256466 | |
| 583 | |a last modification |c 19920507 00:00:00 |k Rodrigo Vera | ||
| 490 | 0 | |a Estructura y función, 44 | |
| 999 | |c 219707 |d 219705 | ||
| 952 | |0 0 |1 0 |4 0 |6 501_000000000000000_SMA_1975 |7 0 |8 P |9 210945 |a BIBEDU |b BIBEDU |c BIBEDU_PB |d 2019-11-15 |i 279179K |o 501 SMA 1975 |p 279179K |r 2024-01-25 |w 2019-11-15 |y BK |k EDU | ||
| 952 | |0 0 |1 0 |4 0 |6 501_000000000000000_SMA_1975 |7 0 |8 A |9 210946 |a BIBCUR |b BIBCUR |d 2019-11-15 |i 3512878 |o 501 SMA 1975 |p 3512878 |r 2025-04-22 |w 2019-11-15 |y BK |k FIS | ||